ბათუმის შოთა რუსთაველის სახელმწიფო უნივერსიტეტის ბიბლიოთეკა

ფინანსები=Finances=Финансы. ტ.1. წ.1. (ბიბ.ჩანაწერი № 51338)

000 -LEADER
fixed length control field 01203nam a2200265Ia 4500
001 - CONTROL NUMBER
control field 18307
003 - CONTROL NUMBER IDENTIFIER
control field GE_BSU
008 - FIXED-LENGTH DATA ELEMENTS--GENERAL INFORMATION
fixed length control field 181216s||||||||xx |||||||||||||| ||und||
020 ## - INTERNATIONAL STANDARD BOOK NUMBER
International Standard Book Number 9789941939389
040 ## - CATALOGING SOURCE
Transcribing agency GE_BSU
080 ## - UNIVERSAL DECIMAL CLASSIFICATION NUMBER
Universal Decimal Classification number 336(031)+81'374=353.1=161.1=111
100 ## - MAIN ENTRY--PERSONAL NAME
Personal name ქოქიაური,ლამარა
245 ## - TITLE STATEMENT
Title ფინანსები=Finances=Финансы. ტ.1. წ.1.
245 ## - TITLE STATEMENT
Remainder of title ენციკლოპედიური განმარტებითი ლექსიკონი
245 ## - TITLE STATEMENT
Statement of responsibility, etc. შემდგ. და რედ. ლ. ქოქიაური
250 ## - EDITION STATEMENT
Edition statement თსუ.საქ.ტექნიკურიუნ-ტი. საფინანსო-საინვესტიციო პოლიტიკისა და სტრატეგიების ფონდი
260 ## - PUBLICATION, DISTRIBUTION, ETC.
Place of publication, distribution, etc. თბილისი
260 ## - PUBLICATION, DISTRIBUTION, ETC.
Name of publisher, distributor, etc. საქ. ტექნიკური უნ-ტი
260 ## - PUBLICATION, DISTRIBUTION, ETC.
Date of publication, distribution, etc. 2014
300 ## - PHYSICAL DESCRIPTION
Extent 1102გვ.30სმ.
653 ## - INDEX TERM--UNCONTROLLED
Uncontrolled term ენციკლოპედიური განმარტებითი ლექსიკონი
653 ## - INDEX TERM--UNCONTROLLED
Uncontrolled term ფინანსები
942 ## - ADDED ENTRY ELEMENTS (KOHA)
Koha item type წიგნი
ეგზემპლარები
Withdrawn status Lost status Damaged status Not for loan Date acquired Barcode Date last seen Price effective from Koha item type
        2018-12-17 46599 2018-12-17 2018-12-17 წიგნი